| 000 | 00431nam a2200169Ia 4500 | ||
|---|---|---|---|
| 008 | 210210b1938 xxu||||| |||| 00| 0 eng d | ||
| 041 | _aeng | ||
| 082 | _a821/477 | ||
| 100 | _aMUIR (Kenneth) Ed | ||
| 245 | _aEnglish poetry-students anthology | ||
| 260 |
_aLondon _bOxford University Press _c1938 |
||
| 650 | _apoetry-students | ||
| 650 | _aEnglish | ||
| 650 | _aanthology | ||
| 690 | _aEnglish Literature | ||
| 906 | _a011646 | ||
| 999 |
_c130334 _d130334 |
||